000 00617nam a22001937a 4500
999 _c171611
_d171611
005 20200116122748.0
010 _aB-24529
020 _c200.00
_a-
035 _aB-24529
037 _bBPPD/Pub.
_a-
082 _a445.31
100 _aنيا ز علی بيگ
245 _aمخز ن فو ا ءد
_cنيا ز علی بيگ
246 _bMakhzan-e-Fawaid (Urdu)
_aNiyaz Ali beg
260 _aBihar
_bKhuda Bakhsh Oriental public Library
_c1998 ء
270 _aKhuda Bakhsh Oriental public Library ,
_bPatna
_e4
_k-
_l-
300 _a574 ص
_c22 Cm(Hb)
942 _2ddc
_cUR
_h445.31
_mب ے گ